000
00184 a2200097 4500
020
_a
9789974791954
041
_a
spa
100
_a
Anonimo
245
_a
El servidor ingrato
942
_c
BK
999
_c
11569
_d
11569